01788cam a2200349 i 450000100090000000300090000900500170001800800410003502000180007604000380009404300120013208200210014410000340016524500760019925000200027526400810029530000370037633600260041333700280043933800270046750400510049450501570054552003260070265000600102865100460108865100460113465100510118065500170123194200120124899900170126095201610127715938319EG-ScBUE20240423120148.0091009s2009 enkb f b 001 0 eng d a9780230574519 aDLCbengerdacDLCdDLCdEG-ScBUE aa-tu---04a956.015222bIMB1 aImber, Colin,eauthor.91179014aThe Ottoman Empire, 1300-1650 :bthe structure of power /cColin Imber. aSecond edition. 1aHoundmills, Basingstoke, Hampshire ;aNew York :bPalgrave Macmillan,c2009. axiii, 428 pages :bmaps ;c21 cm 2rdacontentatextbtxt aunmediated2rdamediabn avolumebnc2rdacarrier aIncludes bibliographical references and index.0 aChronology -- The dynasty -- Recruitment -- The palace -- The provinces -- The law -- Taxation -- The army -- The fleet -- Some conclusions -- Glossary. a"A revised and expanded second edition of a highly-praised account of the structure of the government of the Ottoman Empire to the mid-seventeenth century. Colin Imber incorporates the latest research, and the text now also features a new chapter on taxation as well as an up-to-date bibliography"--Provided by publisher. 7aPower (Social sciences)zTurkeyxHistory.2BUEsh911791 7aTurkeyxHistoryy1288-1453.2BUEsh911792 7aTurkeyxHistoryy1453-1683.2BUEsh911793 7aTurkeyxPolitics and government.2BUEsh911794 vReading book 2ddccBB c13485d13485 00102ddc40708MERICaMAINbMAINc2NDd2010-02-24ePurchaseg202.80h10029l3m11o956.015 IMBp000019906r2025-07-15 00:00:00s2017-03-07w2010-02-24yBB